| 000 | 01737nam0a2200361 4500 | ||
|---|---|---|---|
| 001 | RU\NLR\BIBL_A\011978967 | ||
| 005 | 20240215103124.0 | ||
| 010 |
_a978-5-9988-0758-9 _93000 |
||
| 021 |
_aRU _bКН-П-19-016526 _9КН-П-19-1239 |
||
| 035 | _a(NLR Aleph) 011978967 | ||
| 035 | _a(RuMoRGB)009915725 | ||
| 090 |
_a11298197 _c11298197 |
||
| 100 | _a20190403d2019 a y0rusy50 ca | ||
| 101 | 0 | _arus | |
| 102 | _aRU | ||
| 105 | _aach|zzzz||1zd | ||
| 200 | 1 |
_aСтихотворения (1829-1836) _e[подробный иллюстрированный комментарий] _fА. С. Пушкин _gтекст комментариев, подбор иллюстраций Леонид Рожников |
|
| 210 |
_aМосква _cПроспект _d2019 |
||
| 215 |
_a207 с. _cил., цв. ил., портр., факс. _d25 |
||
| 320 | _aБиблиогр. в тексте | ||
| 333 | _a12+ | ||
| 604 |
_1700#1$aПушкин$bА.С.$gАлександр Сергеевич$f1799 - 1837 _1501##$aПоэзия$jКомментарии$2nlr_sh1$2nlr_sh2$3RU\NLR\AUTH\661277832 _aПушкин, Александр Сергеевич (1799 - 1837) _tПоэзия _jКомментарии _92115057 _3RU\NLR\AUTH\661277832 |
||
| 686 | 2 | _aШ6(2=Р)51-5 | |
| 686 | 2 | _aШ5(2=Р)51-4Пушкин535 | |
| 700 | 1 |
_7ca _8rus _aПушкин _bА. С. _cпоэт _f1799-1837 _gАлександр Сергеевич _9110441 _3RU\NLR\AUTH\77386 |
|
| 702 | 1 |
_aРожников _bЛ. В. _f1973- _gЛеонид Владимирович _4210 |
|
| 942 | _cBOOK | ||
| 980 | _aNBR | ||
| 980 | _aNB | ||